000 00786nam a2200253Ia 4500
003 OSt
005 20220923225450.0
006 a|||||r|||| 00| 0
007 ta
008 220922b |||||||| |||| 00| 0 san d
024 _a268,498
037 _cTextual
040 _aARTS
_cARTS
_bsan
041 _2san
_asan
082 _aQ2:4146, 15M4
100 _aवेंकटरंगनाथ
_9156945
245 0 _aपादुकासहस्त्रम्
246 _aPādukāsahastram
260 _aवाराणसी
_b चौखम्भा संस्कृत संस्थान
_c1984
300 _a348पृ0
_ccm.
650 _aधर्म
942 _hQ2:4146, 15M4
_cTEXL
_2CC
999 _c378411
_d378411